<?xml version="1.0" encoding="UTF-8"?><?xml-stylesheet type="text/xsl" href="static/style.xsl"?><OAI-PMH xmlns="http://www.openarchives.org/OAI/2.0/" xmlns:xsi="http://www.w3.org/2001/XMLSchema-instance" xsi:schemaLocation="http://www.openarchives.org/OAI/2.0/ http://www.openarchives.org/OAI/2.0/OAI-PMH.xsd"><responseDate>2026-04-13T03:09:34Z</responseDate><request verb="GetRecord" identifier="oai:www.recercat.cat:10256/25451" metadataPrefix="marc">https://recercat.cat/oai/request</request><GetRecord><record><header><identifier>oai:recercat.cat:10256/25451</identifier><datestamp>2024-10-29T21:06:46Z</datestamp><setSpec>com_2072_452955</setSpec><setSpec>com_2072_2054</setSpec><setSpec>col_2072_453067</setSpec></header><metadata><record xmlns="http://www.loc.gov/MARC21/slim" xmlns:dcterms="http://purl.org/dc/terms/" xmlns:xsi="http://www.w3.org/2001/XMLSchema-instance" xmlns:doc="http://www.lyncode.com/xoai" xsi:schemaLocation="http://www.loc.gov/MARC21/slim http://www.loc.gov/standards/marcxml/schema/MARC21slim.xsd">
   <leader>00925njm 22002777a 4500</leader>
   <datafield ind2=" " ind1=" " tag="042">
      <subfield code="a">dc</subfield>
   </datafield>
   <datafield ind2=" " ind1=" " tag="720">
      <subfield code="a">Castanyer i Masoliver, Pere</subfield>
      <subfield code="e">author</subfield>
   </datafield>
   <datafield ind2=" " ind1=" " tag="720">
      <subfield code="a">Santos Retolaza, Marta</subfield>
      <subfield code="e">author</subfield>
   </datafield>
   <datafield ind2=" " ind1=" " tag="720">
      <subfield code="a">Tremoleda i Trilla, Joaquim</subfield>
      <subfield code="e">author</subfield>
   </datafield>
   <datafield ind2=" " ind1=" " tag="720">
      <subfield code="a">Hernández, Elisa</subfield>
      <subfield code="e">author</subfield>
   </datafield>
   <datafield ind2=" " ind1=" " tag="720">
      <subfield code="a">Bouzas Sabater, Marc</subfield>
      <subfield code="e">author</subfield>
   </datafield>
   <datafield ind2=" " ind1=" " tag="260">
      <subfield code="c">2023-09-20</subfield>
   </datafield>
   <datafield ind2=" " ind1=" " tag="520">
      <subfield code="a">Archaeological excavations carried out in recent years at the site of Santa Margarida (L'Escala) are part of the current research project promoted by the Empúries section of the Museu d'Arqueologia de Catalunya, which aims to study the ancient port areas of the Greek city of Emporion and the Roman city of Emporiae. The results of these works provide new arguments about the location of the Late Antique episcopal complex of Empúries in this area, as well as evidence relating to some of the buildings that made it up, such as the baptistery and the basilica or funerary church. A new settlement developed around this episcopal complex that, according to recent paleolandscape studies, was located next to the estuary of the river Ter, which then flowed immediately to the North of Sant Martí d'Empúries, the other main nucleus in this historical period</subfield>
   </datafield>
   <datafield ind2=" " ind1=" " tag="520">
      <subfield code="a">Las excavaciones arqueológicas realizadas durante estos últimos años en el sector de Santa Margarida (L'Escala) forman parte del actual proyecto de investigación impulsado por la sede de Empuréis del Museu d’Arqueologia de Catalunya, que tiene por objetivo el estudio de las antiguas áreas portuarias de la ciudad griega de Emporion y la ciudad romana de Emporiae. Los resultados de estos trabajos aportan nuevos argumentos sobre la localización del conjunto episcopal tardoantiguo de Empuréis en esta zona, así como también en relación a algunos de los edificios que lo conformaban, como el baptisterio y la basílica o iglesia funeraria. En torno a este conjunto episcopal se desarrollo un nuevo nucleo de habitat que, segun los estudios recientes de paleopaisaje, se emplazaba junto al estuario del rio Ter, que entonces desembocaba inmediatamente al norte de Sant Marti d'Empuries, el otro núcleo de población mas importante en este periodo histórico</subfield>
   </datafield>
   <datafield ind1="8" ind2=" " tag="024">
      <subfield code="a">http://hdl.handle.net/10256/25451</subfield>
   </datafield>
   <datafield tag="653" ind2=" " ind1=" ">
      <subfield code="a">Excavacions arqueològiques -- Catalunya -- Escala</subfield>
   </datafield>
   <datafield tag="653" ind2=" " ind1=" ">
      <subfield code="a">Excavations (Archaeology) -- Catalonia -- Escala</subfield>
   </datafield>
   <datafield tag="653" ind2=" " ind1=" ">
      <subfield code="a">Escala (Catalunya) -- Arqueologia</subfield>
   </datafield>
   <datafield tag="653" ind2=" " ind1=" ">
      <subfield code="a">Escala (Catalonia) -- Antiquities</subfield>
   </datafield>
   <datafield tag="653" ind2=" " ind1=" ">
      <subfield code="a">Empúries (Ciutat antiga)</subfield>
   </datafield>
   <datafield tag="653" ind2=" " ind1=" ">
      <subfield code="a">Emporion (Extinct city)</subfield>
   </datafield>
   <datafield ind2="0" ind1="0" tag="245">
      <subfield code="a">Las investigaciones arqueológicas en Santa Margarida (L'Escala): novedades en torno al conjunto episcopal tardoantiguo de Empúries = Archaeological investigations in Santa Margarida (L'Escala): news about the Late Antique episcopal buildings of Empúries</subfield>
   </datafield>
</record></metadata></record></GetRecord></OAI-PMH>